<?xml version="1.0" encoding="UTF-8"?>
<record
    xmlns:xsi="http://www.w3.org/2001/XMLSchema-instance"
    xsi:schemaLocation="http://www.loc.gov/MARC21/slim http://www.loc.gov/standards/marcxml/schema/MARC21slim.xsd"
    xmlns="http://www.loc.gov/MARC21/slim">

  <leader>00984na  a2200241   4500</leader>
  <controlfield tag="001">19750</controlfield>
  <controlfield tag="003">MIRAKIL</controlfield>
  <controlfield tag="005">20181213155120.0</controlfield>
  <controlfield tag="008">161226b        tu            000 0      </controlfield>
  <datafield tag="020" ind1=" " ind2=" ">
    <subfield code="a">9754826447</subfield>
  </datafield>
  <datafield tag="040" ind1=" " ind2=" ">
    <subfield code="a">Milas</subfield>
    <subfield code="b">tur</subfield>
    <subfield code="c">TR-AnCHP</subfield>
  </datafield>
  <datafield tag="041" ind1=" " ind2=" ">
    <subfield code="a">tur</subfield>
  </datafield>
  <datafield tag="082" ind1=" " ind2=" ">
    <subfield code="a">378.007</subfield>
    <subfield code="b">E35 2004</subfield>
  </datafield>
  <datafield tag="090" ind1=" " ind2=" ">
    <subfield code="a">378.007 E35 2004</subfield>
  </datafield>
  <datafield tag="111" ind1=" " ind2=" ">
    <subfield code="a">E&#x11F;itim Bilimleri Bak&#x131;&#x15F; A&#xE7;&#x131;s&#x131;yla E&#x11F;itimin G&#xFC;ncel Sorunlar&#x131; ve &#xC7;&#xF6;z&#xFC;m &#xD6;nerileri Toplant&#x131;s&#x131;</subfield>
    <subfield code="d">2004</subfield>
  </datafield>
  <datafield tag="245" ind1=" " ind2=" ">
    <subfield code="a">E&#x11F;itim bilimleri bak&#x131;&#x15F; a&#xE7;&#x131;s&#x131;yla e&#x11F;itimin g&#xFC;ncel sorunlar&#x131; ve &#xE7;&#xF6;z&#xFC;m &#xF6;nerileri toplant&#x131;s&#x131; 10-11 &#x15E;ubat 2004</subfield>
    <subfield code="b">sonu&#xE7; bildirgesi</subfield>
    <subfield code="c">Ankara &#xDC;niversitesi  E&#x11F;itim Bilimleri Fak&#xFC;ltesi</subfield>
  </datafield>
  <datafield tag="260" ind1=" " ind2=" ">
    <subfield code="a">Ankara</subfield>
    <subfield code="b">Ankara &#xDC;niversitesi</subfield>
    <subfield code="c">2004</subfield>
  </datafield>
  <datafield tag="300" ind1=" " ind2=" ">
    <subfield code="a">21 s.</subfield>
    <subfield code="c">21 sm.</subfield>
  </datafield>
  <datafield tag="500" ind1=" " ind2=" ">
    <subfield code="a">Yap&#x131;t ad&#x131; ba&#x15F;&#x131;nda: E&#x11F;itim fak&#xFC;lteleri e&#x11F;itim sorunlar&#x131;n&#x131; tart&#x131;&#x15F;&#x131;yor!</subfield>
  </datafield>
  <datafield tag="650" ind1=" " ind2=" ">
    <subfield code="a">Y&#xFC;ksek &#xF6;&#x11F;retim</subfield>
    <subfield code="x">Sorunlar</subfield>
    <subfield code="y">Toplant&#x131;lar</subfield>
  </datafield>
  <datafield tag="710" ind1=" " ind2=" ">
    <subfield code="a">Ankara &#xDC;niversitesi E&#x11F;itim Bilimleri Fak&#xFC;ltesi</subfield>
  </datafield>
  <datafield tag="942" ind1=" " ind2=" ">
    <subfield code="2">ddc</subfield>
    <subfield code="c">BKS</subfield>
  </datafield>
  <datafield tag="952" ind1=" " ind2=" ">
    <subfield code="a">0001</subfield>
    <subfield code="b">0001</subfield>
    <subfield code="d">2016-12-26</subfield>
    <subfield code="e">2</subfield>
    <subfield code="l">0</subfield>
    <subfield code="o">378.007 E35 2004</subfield>
    <subfield code="p">010296</subfield>
    <subfield code="r">2016-12-26 00:00:00</subfield>
    <subfield code="v">0.00</subfield>
    <subfield code="w">2016-12-26</subfield>
    <subfield code="y">BKS</subfield>
  </datafield>
  <datafield tag="999" ind1=" " ind2=" ">
    <subfield code="c">6806</subfield>
    <subfield code="d">6806</subfield>
  </datafield>
</record>
